Catholic University of Zimbabwe Library
Online Public Access Catalogue
(OPAC)

A glossary of literary terms (Record no. 9503)

MARC details
000 -LEADER
fixed length control field 00497 a2200157 4500
020 ## - INTERNATIONAL STANDARD BOOK NUMBER
International Standard Book Number 9787303131150
005 - DATE AND TIME OF LATEST TRANSACTION
control field 20191017172902.0
084 ## - OTHER CLASSIFICATION NUMBER
Classification number PN879.C5 B523 2011
100 ## - MAIN ENTRY--PERSONAL NAME
Personal name M H Abrams
245 ## - TITLE STATEMENT
Title A glossary of literary terms
Medium print
250 ## - EDITION STATEMENT
Edition statement Di 1 ban.
260 ## - PUBLICATION, DISTRIBUTION, ETC.
Place of publication, distribution, etc. cc
Name of publisher, distributor, etc. Beijing shi fan da xue chu ban she
Date of publication, distribution, etc. 2011
300 ## - PHYSICAL DESCRIPTION
Extent 2, 21, 519 p.
Other physical details 25 cm.
Dimensions 2, 21, 519 p. ; 25 cm.
490 ## - SERIES STATEMENT
Series statement Shandong Sheng she hui ke xue gui hua yan jiu xiang mu wen cong
500 ## - GENERAL NOTE
General note Yin Jianmin zhu bian.
650 ## - SUBJECT ADDED ENTRY--TOPICAL TERM
Topical term or geographic name entry element literature

No items available.

OPENING HOURS

Weekdays: 0815hrs - 1800hrs
Weekends:0900hrs - 1200hrs

Closed for Mass:

Mon, Thur: 1200hrs - 1300hrs
Sunday & Public Holiday’s

CALL SUPPORT

0242-570570, 0242-570169
09200664, +263 8644140602

LOCATION

18443, Cranborne Avenue, Hatfield, Harare

Other Links


©2021 | CUZ Library